|
|
|
|
| LEADER |
00805ncm a22002292a 4500 |
| 001 |
000579639 |
| 003 |
CZ BrMZK |
| 005 |
20120605112857.0 |
| 007 |
qu |
| 008 |
010825s1972 xr f zxx d |
| 040 |
|
|
|a BOA001
|b cze
|
| 072 |
|
7 |
|a 786
|x Hudba pro klávesové nástroje
|2 Konspekt
|9 9
|
| 100 |
1 |
|
|a Blatný, Pavel,
|d 1931-2021
|7 jn19981000279
|4 cmp
|
| 245 |
1 |
0 |
|a Sešit pro mládež
|h [hudebnina] :
|b piano /
|c Pavel Blatný
|
| 250 |
|
|
|a 1. vyd.
|
| 260 |
|
|
|a Praha :
|b Supraphon,
|c 1972
|
| 300 |
|
|
|a 11 s.
|
| 910 |
|
|
|a BOA001
|b Mus4-0678.916
|b PK-N-0014.490
|
| 920 |
|
|
|a 000555190
|
| 990 |
|
|
|a MU
|
| 996 |
7 |
|
|b 2619728013
|c Mus4-0678.916
|l MZK
|r Sklad / do 1 hodiny
|n 1
|w 000579639
|u 000010
|a 1
|e BOA001
|j MZK50
|s A
|
| 996 |
6 |
|
|b 555190-10
|c PK-N-0014.490
|l MZK
|r Sklad / do 1 hodiny
|n 0
|w 000579639
|u 000020
|a 1
|e BOA001
|j MZK50
|s P
|